000 00788nam a2200229Ia 4500
003 OSt
005 20220927105025.0
006 a|||||r|||| 00| 0
007 ta
008 220926b |||||||| |||| 00| 0 eng d
024 _a169475
037 _cReference Collections
040 _aRTL
_cRTL
_beng
041 _2eng
_aeng
082 _a"X9(J741): 8F.2.N68 - N66, N64 - N61r, K1/GD"
110 _a"India, Jute Company. Limited"
_9369566
245 0 _aReport and Statement of Accounts 1961-64 & 1966-68.
260 _aCalcutta
_b"India, Jute Company Ltd. "
_c1961
700 _a"India, Jute Company. Limited"
_9369567
942 _h"X9(J741): 8F.2.N68 - N66, N64 - N61r, K1/GD"
_cCC
999 _c690293
_d690293